[Event "Kiel op 34th"]
[Site "Kiel"]
[Date "2022.08.04"]
[Round "8"]
[White "Saglam, Buelent"]
[Black "Schmidt, Peter"]
[Result "1-0"]
[WhiteElo "2120"]
[BlackElo "1877"]
[PlyCount "113"]
[EventDate "2022.07.30"]
[EventType "swiss"]
[EventRounds "9"]
[EventCountry "GER"]
[SourceTitle "CBM 209 Extra"]
[Source "ChessBase"]
[SourceDate "2022.09.30"]
[SourceVersion "1"]
[SourceVersionDate "2022.09.30"]
[SourceQuality "1"]

1. e4 e5 2. Nf3 Nc6 3. Bb5 a6 4. Bxc6 dxc6 5. d4 exd4 6. Qxd4 Qxd4 7. Nxd4 c5 8. Ne2 Bd6 9. Nd2 Be6 10. Nf1 Ne7 11. Bf4 f6 12. Ne3 0-0-0 13. 0-0-0 Rhe8 14. f3 g6 15. h4 Bf7 16. h5 g5 17. Bxd6 cxd6 18. Ng4 f5 19. Nf6 Rh8 20. exf5 Nxf5 21. g4 Bc4 22. Rhe1 Ne3 23. Rd2 Ng2 24. Red1 Ne3 25. Rg1 h6 26. b3 Bb5 27. Ne4 Kc7 28. c4 Bc6 29. Rd3 d5 30. Nxc5 Rde8 31. Kd2 Kb6 32. Na4+ Bxa4 33. Rxe3 Bc6 34. cxd5 Bxd5 35. Rd3 Bc6 36. Nd4 Rhf8 37. Re1 Rxe1 38. Kxe1 Bd7 39. Ne6 Re8 40. Rd6+ Kb5 41. Rxd7 Rxe6+ 42. Kd2 Kc6 43. Rg7 Kd5 44. Rxb7 Ke5 45. Rf7 Rc6 46. Kd3 Rd6+ 47. Ke3 Rc6 48. Rf5+ Ke6 49. Ra5 Rd6 50. Rf5 Rc6 51. Kd4 Rc2 52. a4 Rc6 53. b4 Rb6 54. Kc5 Rb8 55. b5 axb5 56. axb5 Rc8+ 57. Kb6 1-0

[Event "Oberliga Nord N 1920"]
[Site "Germany"]
[Date "2021.08.15"]
[Round "9.4"]
[White "Saglam, Buelent"]
[Black "Bracker, Arne"]
[Result "0-1"]
[WhiteElo "2115"]
[BlackElo "2264"]
[PlyCount "73"]
[EventDate "2019.09.29"]
[EventType "team-tourn"]
[EventRounds "9"]
[EventCountry "GER"]
[SourceTitle "EXT 2023"]
[Source "ChessBase"]
[SourceDate "2022.10.05"]
[SourceVersion "1"]
[SourceVersionDate "2022.10.05"]
[SourceQuality "1"]
[WhiteTeam "Kiel Doppelbauer"]
[BlackTeam "Hamburger SK III"]
[WhiteTeamCountry "GER"]
[BlackTeamCountry "GER"]

1. e4 e5 2. Nf3 Nc6 3. Bb5 a6 4. Ba4 Nf6 5. 0-0 b5 6. Bb3 Bc5 7. c3 d6 8. d4 Bb6 9. dxe5 Nxe5 10. Nxe5 dxe5 11. Qxd8+ Kxd8 12. Nd2 Ke7 13. Nf3 Be6 14. Bg5 h6 15. Bh4 Bxb3 16. axb3 Ke6 17. Bxf6 Kxf6 18. Rfd1 Rhd8 19. Rxd8 Rxd8 20. b4 a5 21. bxa5 Bxa5 22. Kf1 Bb6 23. Ra3 Rd1+ 24. Ke2 Rc1 25. Rb3 c6 26. Ne1 Ra1 27. Nc2 Rg1 28. Ne1 Bc5 29. c4 bxc4 30. Rb7 Bd4 31. Rc7 c5 32. Rb7 g5 33. h3 h5 34. b4 cxb4 35. Rc7 b3 36. Rxc4 b2 37. Rb4 0-1

[Event "Oberliga Nord N 1920"]
[Site "Germany"]
[Date "2021.08.14"]
[Round "8.5"]
[White "Saglam, Buelent"]
[Black "Wagner, Friedrich"]
[Result "1-0"]
[WhiteElo "2115"]
[BlackElo "2142"]
[PlyCount "87"]
[EventDate "2019.09.29"]
[EventType "team-tourn"]
[EventRounds "9"]
[EventCountry "GER"]
[SourceTitle "EXT 2023"]
[Source "ChessBase"]
[SourceDate "2022.10.05"]
[SourceVersion "1"]
[SourceVersionDate "2022.10.05"]
[SourceQuality "1"]
[WhiteTeam "Kiel Doppelbauer"]
[BlackTeam "Hamburg Koenigsspringer"]
[WhiteTeamCountry "GER"]
[BlackTeamCountry "GER"]

1. e4 c6 2. Nf3 d5 3. Nc3 dxe4 4. Nxe4 Nf6 5. Nxf6+ exf6 6. Bc4 Bd6 7. Qe2+ Qe7 8. Qxe7+ Kxe7 9. 0-0 Rd8 10. c3 Kf8 11. d4 Be6 12. Bb3 a5 13. Re1 Re8 14. Nd2 Nd7 15. Bxe6 fxe6 16. Ne4 Bc7 17. b3 e5 18. Ba3+ Kf7 19. Bd6 Bb8 20. Rad1 Rd8 21. d5 Nb6 22. Bc5 Ba7 23. Nd6+ Kg6 24. Nxb7 Rxd5 25. c4 Rxd1 26. Rxd1 a4 27. g3 Nc8 28. Rd7 axb3 29. axb3 Bxc5 30. Nxc5 Ra5 31. Ne6 Ra7 32. Nf8+ Kf5 33. Rd8 Ne7 34. Nxh7 Rb7 35. Nf8 Rxb3 36. Rd7 Nc8 37. c5 g5 38. Rc7 Rb8 39. Rxc6 Ne7 40. Rxf6+ Ke4 41. Nd7 Rc8 42. f3+ Kd4 43. Rd6+ Ke3 44. Nb6 1-0

[Event "Oberliga Nord N 1920"]
[Site "Germany"]
[Date "2020.01.19"]
[Round "5.5"]
[White "Mach, Holger"]
[Black "Saglam, Buelent"]
[Result "0-1"]
[WhiteElo "2233"]
[BlackElo "2103"]
[PlyCount "72"]
[EventDate "2019.09.29"]
[EventType "team-tourn"]
[EventRounds "9"]
[EventCountry "GER"]
[SourceTitle "CBM 195 Extra"]
[Source "ChessBase"]
[SourceDate "2020.05.31"]
[SourceVersion "1"]
[SourceVersionDate "2020.05.31"]
[SourceQuality "1"]

1. e4 e6 2. d3 d5 3. Nd2 Nf6 4. Ngf3 b6 5. e5 Nfd7 6. g3 c5 7. Bg2 Qc7 8. 0-0 Bb7 9. Re1 Nc6 10. Qe2 Rc8 11. c3 g5 12. Nxg5 Qxe5 13. Ndf3 Qxe2 14. Rxe2 Ba6 15. Ne1 Be7 16. Bf4 0-0 17. Rd1 Bf6 18. Nef3 e5 19. Bh3 Rcd8 20. Bc1 e4 21. Nxe4 dxe4 22. Rxe4 Nde5 23. Nxe5 Nxe5 24. Bh6 Rfe8 25. Rf4 Bg7 26. Bxg7 Kxg7 27. d4 cxd4 28. cxd4 Be2 29. Rb1 Rxd4 30. Rxd4 Nf3+ 31. Kg2 Nxd4 32. Rc1 Bf3+ 33. Kf1 Re5 34. Bg2 Be2+ 35. Kg1 Nf3+ 36. Kh1 Rc5 0-1

[Event "Liberec op 18th"]
[Site "Liberec"]
[Date "2018.03.03"]
[Round "9"]
[White "Saglam, Buelent"]
[Black "Moravec, Vit"]
[Result "1-0"]
[WhiteElo "2083"]
[BlackElo "2211"]
[PlyCount "51"]
[EventDate "2018.02.24"]
[EventType "swiss"]
[EventRounds "9"]
[EventCountry "CZE"]
[SourceTitle "CBM 183 Extra"]
[Source "ChessBase"]
[SourceDate "2018.04.19"]
[SourceVersion "1"]
[SourceVersionDate "2018.04.19"]
[SourceQuality "1"]

1. d4 Nf6 2. c4 e6 3. Nc3 Bb4 4. e3 c5 5. Nge2 cxd4 6. exd4 d5 7. c5 0-0 8. a3 Ba5 9. b4 Bc7 10. Nb5 e5 11. Nxc7 Qxc7 12. dxe5 Qxe5 13. Qd4 Qxd4 14. Nxd4 Re8+ 15. Be3 Nc6 16. 0-0-0 Ng4 17. Bb5 Bd7 18. Nc2 d4 19. Bxd4 Nxd4 20. Bxd7 Nxc2 21. Bxe8 Nxa3 22. Rhe1 Nf6 23. Ba4 a5 24. b5 Rc8 25. Kb2 Nc4+ 26. Kb3 1-0

[Event "Goch op 26th"]
[Site "Goch"]
[Date "2015.09.06"]
[Round "6"]
[White "Saglam, Buelent"]
[Black "Huesmann, Thomas"]
[Result "0-1"]
[WhiteElo "2081"]
[BlackElo "2242"]
[PlyCount "70"]
[EventDate "2015.09.03"]
[EventType "swiss"]
[EventRounds "7"]
[EventCountry "GER"]
[SourceTitle "EXT 2018"]
[Source "ChessBase"]
[SourceDate "2017.10.13"]
[SourceVersion "1"]
[SourceVersionDate "2017.10.13"]
[SourceQuality "1"]

1. d4 f5 2. c4 Nf6 3. g3 g6 4. Bg2 Bg7 5. Nf3 0-0 6. 0-0 d6 7. Bf4 h6 8. Nc3 g5 9. Bd2 Nc6 10. d5 Ne5 11. Nxe5 dxe5 12. e4 f4 13. gxf4 gxf4 14. f3 e6 15. Bh3 exd5 16. Bxc8 Rxc8 17. cxd5 Kh8 18. Kh1 Nh5 19. Be1 Qd7 20. Qe2 Bf6 21. Rg1 Rg8 22. Rxg8+ Rxg8 23. Qf1 Be7 24. Ne2 Bc5 25. Bc3 Rg5 26. Be1 Be3 27. Bh4 Rg6 28. Bf2 Qb5 29. b3 Qa6 30. Nc3 Qb6 31. Nd1 Bd4 32. Rc1 Qa5 33. Rc2 c5 34. dxc6 bxc6 35. Qh3 Qe1+ 0-1

[Event "Goch op 26th"]
[Site "Goch"]
[Date "2015.09.05"]
[Round "5"]
[White "Mohrholz, Stefan"]
[Black "Saglam, Buelent"]
[Result "0-1"]
[WhiteElo "1951"]
[BlackElo "2081"]
[PlyCount "136"]
[EventDate "2015.09.03"]
[EventType "swiss"]
[EventRounds "7"]
[EventCountry "GER"]
[SourceTitle "EXT 2018"]
[Source "ChessBase"]
[SourceDate "2017.10.13"]
[SourceVersion "1"]
[SourceVersionDate "2017.10.13"]
[SourceQuality "1"]

1. d4 d5 2. Nf3 Nf6 3. g3 g6 4. Bg2 Bg7 5. 0-0 0-0 6. c4 c6 7. Nbd2 Ne4 8. e3 Nd7 9. Nxe4 dxe4 10. Ng5 c5 11. Nxe4 cxd4 12. exd4 Nb6 13. c5 Nc4 14. Qe2 Be6 15. Rd1 Bd5 16. b3 Na5 17. Bb2 Nc6 18. Bc3 a5 19. Rab1 h6 20. Qb5 f5 21. Nd2 Bxg2 22. Kxg2 Qd5+ 23. Nf3 g5 24. Qc4 Rad8 25. Kf1 Kh7 26. Qxd5 Rxd5 27. b4 axb4 28. Bxb4 g4 29. Nh4 Rfd8 30. Bc3 R8d7 31. Ng2 Bxd4 32. Nf4 Rxc5 33. Bxd4 Rxd4 34. Re1 Rd2 35. Rxb7 Rcc2 36. Re2 Rd1+ 37. Re1 Rdd2 38. Re2 Rxe2 39. Nxe2 Rxa2 40. Rc7 Rc2 41. Rd7 Kg7 42. Nd4 Rc1+ 43. Kg2 Nxd4 44. Rxd4 Kf6 45. Rd8 Rc6 46. Rh8 Kg7 47. Re8 Kf7 48. Rh8 e5 49. Rh7+ Kg6 50. Re7 Kf6 51. Rh7 Kg5 52. Rg7+ Rg6 53. Re7 Kf6 54. Rd7 h5 55. Rh7 Kg5 56. h4+ gxh3+ 57. Kxh3 e4 58. Re7 h4 59. Re8 Rg7 60. Kg2 hxg3 61. fxg3 Ra7 62. Rg8+ Kf6 63. Kf2 Ra2+ 64. Ke3 Ra3+ 65. Kd4 Rd3+ 66. Kc4 Rd7 67. g4 f4 68. Rf8+ Kg5 0-1

[Event "Goch op 26th"]
[Site "Goch"]
[Date "2015.09.05"]
[Round "4"]
[White "Saglam, Buelent"]
[Black "Terhuven, Patrick"]
[Result "1/2-1/2"]
[WhiteElo "2081"]
[BlackElo "2016"]
[PlyCount "120"]
[EventDate "2015.09.03"]
[EventType "swiss"]
[EventRounds "7"]
[EventCountry "GER"]
[SourceTitle "EXT 2018"]
[Source "ChessBase"]
[SourceDate "2017.10.13"]
[SourceVersion "1"]
[SourceVersionDate "2017.10.13"]
[SourceQuality "1"]

1. d4 Nf6 2. c4 c5 3. d5 b5 4. cxb5 a6 5. b6 d6 6. Nc3 Nbd7 7. a4 Qxb6 8. a5 Qa7 9. e4 g6 10. f4 Bg7 11. Bc4 0-0 12. Nf3 Rb8 13. 0-0 Ne8 14. Qe2 Nc7 15. e5 Nb5 16. Nxb5 axb5 17. Bxb5 Rxb5 18. Qxb5 Ba6 19. Qa4 Bxf1 20. Kxf1 dxe5 21. fxe5 Qa6+ 22. Kg1 Nxe5 23. Nxe5 Bxe5 24. Be3 Bxb2 25. Rb1 Qd3 26. Rxb2 Qxe3+ 27. Rf2 Rb8 28. Qa2 Rb3 29. d6 e6 30. h3 Qe1+ 31. Rf1 Qe3+ 32. Qf2 Qxf2+ 33. Kxf2 Rd3 34. a6 Rxd6 35. Ra1 Rd8 36. Ke3 Kf8 37. a7 Ra8 38. Kd3 Ke7 39. Kc4 Kd6 40. Kb5 Kc7 41. Ka6 Kc6 42. Rb1 f5 43. Rb8 Rxa7+ 44. Kxa7 e5 45. Ka6 e4 46. Rd8 c4 47. Ka5 c3 48. Kb4 c2 49. Rc8+ Kd5 50. Rxc2 Kd4 51. Rc7 f4 52. Rxh7 f3 53. gxf3 exf3 54. h4 f2 55. Rf7 Ke3 56. Kc3 Ke2 57. Re7+ Kd1 58. Rf7 Ke2 59. Kd4 f1Q 60. Rxf1 Kxf1 1/2-1/2

[Event "Kiel op 28th"]
[Site "Kiel"]
[Date "2015.07.29"]
[Round "7"]
[White "Niering, Martin"]
[Black "Saglam, Buelent"]
[Result "1-0"]
[WhiteElo "2178"]
[BlackElo "2102"]
[PlyCount "45"]
[EventDate "2015.07.25"]
[EventType "swiss"]
[EventRounds "9"]
[EventCountry "GER"]
[SourceTitle "CBM 167 Extra"]
[Source "ChessBase"]
[SourceDate "2015.09.14"]
[SourceVersion "1"]
[SourceVersionDate "2015.09.14"]
[SourceQuality "1"]

1. e4 e6 2. d4 d5 3. Nc3 Bb4 4. e5 c5 5. a3 Bxc3+ 6. bxc3 Qc7 7. Nf3 Ne7 8. a4 Qa5 9. Qd2 Bd7 10. dxc5 Nbc6 11. c4 Nb4 12. Rb1 Nec6 13. c3 Na6 14. cxd5 exd5 15. Rxb7 0-0-0 16. Rb1 Nxe5 17. Nxe5 Rhe8 18. f4 f6 19. Qb2 Nb4 20. cxb4 Qc7 21. Ba6+ Kb8 22. 0-0 fxe5 23. fxe5 1-0

[Event "Kiel op 28th"]
[Site "Kiel"]
[Date "2015.07.26"]
[Round "3"]
[White "Saglam, Buelent"]
[Black "Thesing, Ansgar"]
[Result "1-0"]
[WhiteElo "2102"]
[BlackElo "1916"]
[PlyCount "62"]
[EventDate "2015.07.25"]
[EventType "swiss"]
[EventRounds "9"]
[EventCountry "GER"]
[SourceTitle "CBM 167 Extra"]
[Source "ChessBase"]
[SourceDate "2015.09.14"]
[SourceVersion "1"]
[SourceVersionDate "2015.09.14"]
[SourceQuality "1"]

1. e4 c5 2. Nf3 d6 3. d4 cxd4 4. Nxd4 Nf6 5. Nc3 a6 6. Bg5 Nbd7 7. f4 e6 8. Qf3 Qc7 9. 0-0-0 h6 10. Bxf6 Nxf6 11. g4 b5 12. g5 hxg5 13. fxg5 b4 14. Nd5 Nxd5 15. exd5 Bb7 16. Re1 Qe7 17. Bc4 Qxg5+ 18. Kb1 e5 19. Rhf1 Qh5 20. Qb3 Qh3 21. Qxb4 Qd7 22. Bb3 Kd8 23. Nc6+ Bxc6 24. dxc6 Qxc6 25. Rxf7 a5 26. Qd2 Qe8 27. Qd5 Ra6 28. Qb7 Qc6 29. Qb8+ Qc8 30. Rd7+ Kxd7 31. Be6+ Kxe6 1-0

[Event "Kiel op 28th"]
[Site "Kiel"]
[Date "2015.07.25"]
[Round "2"]
[White "Wichmann, Cliff"]
[Black "Saglam, Buelent"]
[Result "1-0"]
[WhiteElo "2358"]
[BlackElo "2102"]
[PlyCount "57"]
[EventDate "2015.07.25"]
[EventType "swiss"]
[EventRounds "9"]
[EventCountry "GER"]
[SourceTitle "CBM 167 Extra"]
[Source "ChessBase"]
[SourceDate "2015.09.14"]
[SourceVersion "1"]
[SourceVersionDate "2015.09.14"]
[SourceQuality "1"]

1. d4 d5 2. c4 c6 3. Nf3 Nf6 4. Nbd2 g6 5. e3 Bg7 6. Bd3 Bf5 7. Bxf5 gxf5 8. 0-0 Nbd7 9. b4 0-0 10. Bb2 Ne4 11. cxd5 cxd5 12. Nb3 Nd6 13. Na5 Rc8 14. Rc1 Qb6 15. Qb3 e6 16. Qa4 Nf6 17. Ne5 Rxc1 18. Rxc1 Rc8 19. Rc5 Qd8 20. Qc2 Rb8 21. h3 Nd7 22. Nxd7 Qxd7 23. Rc7 Rc8 24. Rxd7 Rxc2 25. Rxd6 Bf8 26. Rd8 b6 27. Nc6 Rxc6 28. b5 Rd6 29. Ra8 1-0

[Event "Kiel op-A 26th"]
[Site "Kiel"]
[Date "2013.08.01"]
[Round "8"]
[White "Voloshin, Leonid"]
[Black "Saglam, Buelent"]
[Result "1-0"]
[WhiteElo "2427"]
[BlackElo "2115"]
[PlyCount "102"]
[EventDate "2013.07.27"]
[EventType "swiss"]
[EventRounds "9"]
[EventCountry "GER"]
[SourceTitle "EXT 2018"]
[Source "ChessBase"]
[SourceDate "2017.10.13"]
[SourceVersion "1"]
[SourceVersionDate "2017.10.13"]
[SourceQuality "1"]

1. d4 Nf6 2. Nc3 d5 3. Bg5 c5 4. Bxf6 gxf6 5. e4 e5 6. Bb5+ Nc6 7. exd5 a6 8. Bxc6+ bxc6 9. dxe5 fxe5 10. dxc6 Qb6 11. Nd5 Qxc6 12. c4 Bg7 13. Ne2 Ra7 14. 0-0 f5 15. Nec3 0-0 16. f3 Kh8 17. Qd2 Rg8 18. Rae1 a5 19. b3 Be6 20. Qc2 a4 21. Nxa4 Bxd5 22. cxd5 Qxd5 23. Rd1 Qc6 24. Qxf5 e4 25. Qxe4 Qxe4 26. fxe4 Bd4+ 27. Kh1 Rg4 28. g3 Rxe4 29. Rfe1 Rxe1+ 30. Rxe1 c4 31. Re4 cxb3 32. axb3 Rd7 33. Kg2 Kg7 34. Kf3 Kf6 35. b4 Rd5 36. Rf4+ Ke6 37. Re4+ Kd6 38. Rh4 h5 39. Ke4 Bg1 40. Nc3 Rd4+ 41. Kf5 Rxh4 42. gxh4 Bxh2 43. Kg5 Be5 44. Na2 Bg3 45. Kxh5 Be1 46. Kg5 Ke7 47. h5 Bxb4 48. Nxb4 Kf7 49. Nd3 Kg7 50. Ne5 Kh7 51. h6 Kg8 1-0

[Event "Schleswig Holstein-ch Vormeister"]
[Site "Schleswig Holstein"]
[Date "2013.03.25"]
[Round "3.3"]
[White "Schluenz, Wolfgang"]
[Black "Saglam, Buelent"]
[Result "0-1"]
[WhiteElo "2004"]
[BlackElo "2132"]
[PlyCount "70"]
[EventDate "2013.03.23"]
[EventType "swiss"]
[EventRounds "5"]
[EventCountry "GER"]
[SourceTitle "EXT 2022"]
[Source "ChessBase"]
[SourceDate "2021.10.06"]
[SourceVersion "1"]
[SourceVersionDate "2021.10.06"]
[SourceQuality "1"]

1. e4 e6 2. c4 d5 3. cxd5 exd5 4. Qb3 Qe7 5. Qxd5 Nf6 6. Qb3 Nxe4 7. Be2 Qc5 8. Qa4+ Kd8 9. Nc3 Qxf2+ 10. Kd1 Nc5 11. Qc4 Be6 12. Ne4 Qxg2 13. Qd4+ Nbd7 14. Ng3 Nb3 15. axb3 Bxb3+ 16. Ke1 Bc5 17. Qh4+ g5 18. Qxg5+ f6 19. Qf4 Bxg1 20. Qf3 Qxf3 21. Bxf3 Re8+ 22. Kf1 Bd4 23. Ne2 Bb6 24. Bxb7 Rb8 25. Bf3 Bc4 26. Ra4 Bb5 27. Rf4 Ne5 28. Bh5 Nd3 29. Bxe8 Kxe8 30. Re4+ Kd7 31. Nc3 Ba6 32. Kg2 f5 33. Ree1 Bb7+ 34. Kg3 Bf2+ 35. Kh3 Nf4# 0-1

[Event "Schleswig Holstein-ch Vormeister"]
[Site "Schleswig Holstein"]
[Date "2013.03.24"]
[Round "2.2"]
[White "Saglam, Buelent"]
[Black "Ghadimi, Mohammed Reza"]
[Result "0-1"]
[WhiteElo "2132"]
[BlackElo "2124"]
[PlyCount "72"]
[EventDate "2013.03.23"]
[EventType "swiss"]
[EventRounds "5"]
[EventCountry "GER"]
[SourceTitle "EXT 2022"]
[Source "ChessBase"]
[SourceDate "2021.10.06"]
[SourceVersion "1"]
[SourceVersionDate "2021.10.06"]
[SourceQuality "1"]

1. d4 e6 2. c4 f5 3. Nf3 Nf6 4. Bg5 Bb4+ 5. Nfd2 h6 6. Bxf6 Qxf6 7. a3 Bxd2+ 8. Qxd2 d5 9. Nc3 c6 10. e3 Nd7 11. f4 Qe7 12. b4 Nf6 13. Be2 Bd7 14. g3 0-0 15. c5 Be8 16. Qd1 b6 17. 0-0 bxc5 18. bxc5 g5 19. Rb1 Bg6 20. Ba6 Rab8 21. Qd2 Qc7 22. Rb4 Qa5 23. Ra4 Ne4 24. Rxa5 Nxd2 25. Rf2 Rb2 26. Nd1 Ra2 27. Kg2 Rb8 28. Nc3 Rc2 29. Na4 Rb3 30. fxg5 hxg5 31. Bc8 Rxe3 32. Rxa7 f4 33. Re7 Bf5 34. Bxe6+ Bxe6 35. g4 Bxg4 36. Rxe3 fxe3 0-1

[Event "Kiel op 25th"]
[Site "Kiel"]
[Date "2012.08.03"]
[Round "9"]
[White "Saglam, Buelent"]
[Black "Oettel, Lothar"]
[Result "1-0"]
[WhiteElo "2147"]
[BlackElo "1922"]
[PlyCount "29"]
[EventDate "2012.07.28"]
[EventType "swiss"]
[EventRounds "9"]
[EventCountry "GER"]
[SourceTitle "EXT 2015"]
[Source "ChessBase"]
[SourceDate "2014.11.20"]
[SourceVersion "1"]
[SourceVersionDate "2014.11.20"]
[SourceQuality "1"]

1. e4 c5 2. Nf3 Nc6 3. d4 cxd4 4. Nxd4 e5 5. Nb5 a6 6. Nd6+ Bxd6 7. Qxd6 Qf6 8. Qa3 Nge7 9. h4 d6 10. Bg5 Qg6 11. Nc3 0-0 12. 0-0-0 Be6 13. Rxd6 Rfd8 14. Rxd8+ Rxd8 15. Bxe7 1-0

[Event "Kiel op 25th"]
[Site "Kiel"]
[Date "2012.07.31"]
[Round "6"]
[White "Nielsen, Brian"]
[Black "Saglam, Buelent"]
[Result "1-0"]
[WhiteElo "1989"]
[BlackElo "2147"]
[PlyCount "77"]
[EventDate "2012.07.28"]
[EventType "swiss"]
[EventRounds "9"]
[EventCountry "GER"]
[SourceTitle "EXT 2015"]
[Source "ChessBase"]
[SourceDate "2014.11.20"]
[SourceVersion "1"]
[SourceVersionDate "2014.11.20"]
[SourceQuality "1"]

1. d4 Nf6 2. c4 g6 3. g3 Bg7 4. Nf3 0-0 5. Bg2 c6 6. 0-0 d5 7. b3 Ne4 8. Bb2 Nd7 9. Nc3 e6 10. Nxe4 dxe4 11. Ne5 f5 12. Qc2 Qc7 13. Nxd7 Bxd7 14. Rfd1 Rad8 15. Rac1 Bc8 16. e3 Bd7 17. d5 cxd5 18. Bxg7 Kxg7 19. Qb2+ Kh6 20. cxd5 Qb6 21. d6 Bc6 22. Qe5 Rfe8 23. Bf1 Bd5 24. Rc7 Rg8 25. Rxd5 exd5 26. Qe7 Qxc7 27. dxc7 Rc8 28. h3 Rge8 29. Qd7 Rg8 30. Kh2 Rcf8 31. Qxd5 Rg7 32. Qd8 Rgg8 33. Qh4+ Kg7 34. Bc4 Rh8 35. Qe7+ Kh6 36. Be6 Re8 37. Qd7 Kg5 38. Bd5 b6 39. Bb7 1-0

[Event "Kiel op 25th"]
[Site "Kiel"]
[Date "2012.07.28"]
[Round "2"]
[White "Saglam, Buelent"]
[Black "Peschke, Ulrich"]
[Result "0-1"]
[WhiteElo "2147"]
[BlackElo "1808"]
[PlyCount "40"]
[EventDate "2012.07.28"]
[EventType "swiss"]
[EventRounds "9"]
[EventCountry "GER"]
[SourceTitle "EXT 2015"]
[Source "ChessBase"]
[SourceDate "2014.11.20"]
[SourceVersion "1"]
[SourceVersionDate "2014.11.20"]
[SourceQuality "1"]

1. Nc3 e6 2. e4 d5 3. d4 Bb4 4. e5 c5 5. a3 Bxc3+ 6. bxc3 Ne7 7. Qg4 Qc7 8. Qxg7 Rg8 9. Qxh7 cxd4 10. Kd1 Nbc6 11. Nf3 Nxe5 12. Bf4 Qxc3 13. Nxe5 Qxa1+ 14. Ke2 Rf8 15. Kf3 Bd7 16. Bh6 Qxa3+ 17. Bd3 Nc6 18. Qg7 0-0-0 19. Bf4 f6 20. Ra1 Nxe5+ 0-1

[Event "Bad Godesberg op 15th"]
[Site "Bad Godesberg"]
[Date "2011.07.30"]
[Round "8"]
[White "Saglam, Buelent"]
[Black "Lamprecht, Mark"]
[Result "1-0"]
[WhiteElo "2070"]
[BlackElo "2070"]
[PlyCount "43"]
[EventDate "2011.07.23"]
[EventType "swiss"]
[EventRounds "9"]
[EventCountry "GER"]
[SourceTitle "EXT 2017"]
[Source "ChessBase"]
[SourceDate "2016.10.25"]
[SourceVersion "1"]
[SourceVersionDate "2016.10.25"]
[SourceQuality "1"]

1. Nf3 f5 2. e4 fxe4 3. Ng5 d5 4. d3 Qd6 5. dxe4 h6 6. Nh3 Bxh3 7. Qh5+ g6 8. Qxh3 Nd7 9. Nc3 Ngf6 10. Nb5 Qe5 11. Be3 c6 12. f4 Qxb2 13. Bd4 Qb4+ 14. c3 Qa5 15. Rb1 a6 16. e5 axb5 17. exf6 Nxf6 18. Qe6 Qxa2 19. Bd3 Qxg2 20. Rg1 Qxh2 21. Bxg6+ Kd8 22. Bb6# 1-0